Inter Milan's Ideal Starting 11 - Statistics

General Stats
  • This quiz has been taken 161 times
  • The average score is 6 of 11
Answer Stats
Position Player % Correct
GK Handanovic
98%
ST Icardi
76%
LW Perisic
63%
RAM Brozovic
60%
CB Miranda
53%
RW Candreva
51%
RB D'Ambrosio
48%
CB Ranocchia
43%
LB Nagatomo
32%
CDM Kondogbia
23%
LAM Mario
16%
No matching quizzes found
Score Distribution
Percent of People with Each Score
Percentile by Number Answered
Your Score History
You have not taken this quiz